000 00805nas a2200181 a 4500
005 20241105105249.0
007 ta
008 241024e2009 dr |||||r||||||0| | spa d
040 _aDO-SdBNP
_cBNPHU
_erda
041 _hspa
100 _aRosario, Alba Judith de Del
_986758
_eautora
245 _aAcción joven /
_cAlba Judith de Del Rosario.
260 _aLa Vega, República Dominicana :
_bImpresora Universal,
_c2009.
300 _avolumen :
_bilustraciones, fotografías, gráficas ;
_c28 cm.
500 _aSomos una organización sin fines de lucro, creada en el 2006, con experiencia en conectar personas jóvenes en situación de vulnerabilidad con oportunidades reales que les permitan transformar sus vidas.
650 0 _aProblemas sociales
_99290
_vPublicaciones periódicas
942 _2ddc
_cISSUE
999 _c57934
_d57934